Electromechanical devices for energy conversion and control systems/ (Record no. 14432)

MARC details
000 -LEADER
fixed length control field 01097nam a2200373 a 4500
001 - CONTROL NUMBER
control field vtls000010372
003 - CONTROL NUMBER IDENTIFIER
control field NLI
005 - DATE AND TIME OF LATEST TRANSACTION
control field 20210601181016.0
008 - FIXED-LENGTH DATA ELEMENTS--GENERAL INFORMATION
fixed length control field 101125s1975 ii 001 0 eng
020 ## - INTERNATIONAL STANDARD BOOK NUMBER
Terms of availability Rs. 29.00
039 #9 - LEVEL OF BIBLIOGRAPHIC CONTROL AND CODING DETAIL [OBSOLETE]
-- 201011250049
-- VLOAD
040 0# - CATALOGING SOURCE
Original cataloging agency NLI
Language of cataloging eng
Transcribing agency VERGIS-2003
041 0# - LANGUAGE CODE
Language code of text/sound track or separate title eng
044 ## - COUNTRY OF PUBLISHING/PRODUCING ENTITY CODE
MARC country code ii
082 04 - DEWEY DECIMAL CLASSIFICATION NUMBER
Classification number 621.31
100 1# - MAIN ENTRY--PERSONAL NAME
Personal name Toro, Vincent Del
9 (RLIN) 36821
245 10 - TITLE STATEMENT
Title Electromechanical devices for energy conversion and control systems/
Statement of responsibility, etc. Vincent Del Toro
260 ## - PUBLICATION, DISTRIBUTION, ETC.
Place of publication, distribution, etc. New Delhi:
Name of publisher, distributor, etc. Prentice-Hall of India,
Date of publication, distribution, etc. 1975
300 ## - PHYSICAL DESCRIPTION
Extent xx, 617 p.;
Dimensions 23 cm.
500 ## - GENERAL NOTE
General note Includes index
504 ## - BIBLIOGRAPHY, ETC. NOTE
Bibliography, etc. note Bibliography: p. 607 - 609
650 #0 - SUBJECT ADDED ENTRY--TOPICAL TERM
Topical term or geographic name entry element Electromagnetic devices
9 (RLIN) 36822
650 #0 - SUBJECT ADDED ENTRY--TOPICAL TERM
Topical term or geographic name entry element Electromagnetic theory
9 (RLIN) 36074
650 #0 - SUBJECT ADDED ENTRY--TOPICAL TERM
Topical term or geographic name entry element Electromagnetic waves
General subdivision Transmission
9 (RLIN) 36823
887 ## - NON-MARC INFORMATION FIELD
Content of non-MARC field Sathya, K.
901 ## - LOCAL DATA ELEMENT A, LDA (RLIN)
a DB.27064
b 09/05/1975
902 ## - LOCAL DATA ELEMENT B, LDB (RLIN)
a E 621.31 D 388
903 ## - LOCAL DATA ELEMENT C, LDC (RLIN)
a 27/02/2004
904 ## - LOCAL DATA ELEMENT D, LDD (RLIN)
a Sathya, K.
906 ## - LOCAL DATA ELEMENT F, LDF (RLIN)
a 008990
949 ## - LOCAL PROCESSING INFORMATION (OCLC)
-- VIRTUAITEM
-- 10000
-- 1
-- 100
6 DBA000027064ENG
a E 621.31 D388
942 ## - ADDED ENTRY ELEMENTS (KOHA)
Source of classification or shelving scheme Dewey Decimal Classification
Koha item type Books
Holdings
Withdrawn status Lost status Damaged status Not for loan Collection code Home library Current library Shelving location Date acquired Total Checkouts Full call number Barcode Date last seen Price effective from Koha item type
        New English National Library of India National Library of India New English - Main Stack Division     E 621.31 D 388 DBA000027064ENG 01/06/2021 01/06/2021 Books
                                                                           
web counter

Copyright ©2020 The National Library of India, Govt. of India ↔ Hosted by NVLI, MOC ↔ Technology and Design by National Library of India, Ministry of Culture, Govt. of India